000 01523ngm a22003970a 4500
001 PT39914
003 AR-LpoUNG
005 20210201235853.0
007 vd cvaizq
008 191001s1959||||ag |||||||||||||||||jpn d
037 _c$54.50
040 _aAR-LpoUNG
_bspa
_cAR-LpoUNG
_eaacr
041 _ajpn
044 _aag
082 0 _a940.53 75v2
100 1 _aKobayashi, Masaki
_edir.
245 1 3 _aLa condición humana :
_bel camino a la eternidad
260 _aBuenos Aires :
_bBlackman,
_c1959.
300 _a2 DVD (176 min.) : son., col.
505 0 _a2 discos. - Subtítulos en español. - Elenco: Tatsuya Nakadai, Michiyo Aratama, Kei Sato, Minoru Chiaki, Keiji Sada, Izumi Hara, Kaneko Iwasaki
520 _aKaji, forzado a unirse al ejército japonés durante la Segunda Guerra Mundial, es enviado a Manchuria donde entablará amistad con Shinjo, un soldado cercano al comunismo. Tras una breve visita de su esposa, Kaji es enviado a combate con su unidad, batalla de la que muchos de sus compañeros nunca regresarán. Mientras intenta ayudar a Shinjo, que trata de escapar a Rusia, Kaji cae herido y es enviado a un campo de reclutamiento.
650 4 _aCONFLICTOS
650 4 _aCONFLICTOS POLITICOS
650 4 _aCRIMENES DE GUERRA
650 4 _aGUERRA
650 4 _aGUERRA CIVIL
650 4 _aJAPON
650 4 _aMILITARISMO
650 4 _aVIOLENCIA
651 4 _aJapón
653 _aCINE JAPONES
653 _aVIDEOS
653 _aVIDEOS
905 _a39914
942 _cDVD
999 _c53638
_d53638